| 000 | 00795aam a2200253 4500 | ||
|---|---|---|---|
| 005 | 20170201094620.0 | ||
| 008 | 150512b xxu||||| |||| 00| 0 spa d | ||
| 041 | _aEspañol | ||
| 082 | _a621.381 M253e5 | ||
| 100 |
_aMaloney, Timothy J. _918465 |
||
| 245 | _aElectrónica industrial moderna | ||
| 250 | _a5 edición | ||
| 260 |
_aMéxico _bPearson Educación _c2006 |
||
| 300 | _a1000 páginas | ||
| 650 |
_aELECTRÓNICA INDUSTRIAL _918466 |
||
| 650 |
_aCONTROLADORES LÓGICOS PROGRAMABLES _937756 |
||
| 650 |
_aTRIACS _937757 |
||
| 650 |
_aTIRISTORES _912029 |
||
| 650 |
_aSISTEMA AUTOMÁTICO DE SOLDADURA INDUSTRIAL _937758 |
||
| 650 |
_aAMPLIFICADORES OPERACIONALES _91831 |
||
| 650 |
_aSISTEMAS DE RETROALIMENTACIÓN _937759 |
||
| 650 |
_aROBÓTICA INDUSTRIAL _937760 |
||
| 942 | _cBK | ||
| 999 |
_c5375 _d5375 |
||